Energias Sem-fim (Registo nº 832)

Detalhes MARC
000 -Etiqueta do registo
Cabeçalho 00527 m a2200229 i 4500
005 - Identificador da versão
Campo de controlo 20240813121816.0
021 ## - Número do Depósito Legal
Código do país PT
Número 240314/06
035 ## - Other System Control Numbers
System Control Number 0000899
System Control Number 0000892
System Control Number 0000879
100 ## - Dados gerais de processamento
Dados gerais de processamento 20081013 m y0pory5003 ba
102 ## - Pais de publicação ou produção
País de publicação Portugal
101 0# - Língua de publicação
Língua do texto, banda sonora, etc. Português
215 ## - Descrição física 
Indicação específica da natureza do documento e extensão da espécie 99
200 1# - Titulo e menção de responsabilidade
Título próprio Energias Sem-fim
Informação de outro título Manual Pedagógico
Primeira menção de responsabilidade António Eloy
Outras menções de responsabilidade Rui Cunha
205 ## - Menção da edição
Menção da edição 1ª edição
210 ## - Publicação, Distribuição, etc. 
Nome do editor, distribuidor, etc. Eólica da Cabreira
942 ## - Elementos de entrada adicionados (Koha)
Tipo de item no Koha Livro
Exemplares
Situação do levantamento Origin of item (home branch) (coded) Biblioteca de empréstimo Código de barras Cota Circulation type (not for loan) Tipo de documento Nota do exemplar Damaged status
  Biblioteca Escolar Eng. Nuno Mergulhão Biblioteca Escolar Eng. Nuno Mergulhão BENM1514 3PED ELO   Livro Sem mensagem